Catálogo
 En Linea

Ideario de Duarte / (Registro nro. 44902)

Detalles MARC
000 -CABECERA
campo de control de longitud fija 01088nam a2200265 a 4500
001 - NÚMERO DE CONTROL
campo de control 000045413
005 - FECHA Y HORA DE LA ÚLTIMA TRANSACCIÓN
campo de control 20250621074009.0
008 - DATOS DE LONGITUD FIJA--INFORMACIÓN GENERAL
campo de control de longitud fija 090708s2013 dr a 000 0bspa d
040 ## - FUENTE DE LA CATALOGACIÓN
Centro catalogador/agencia de origen DO-SdBNP
Lengua de catalogación spa
Centro/agencia transcriptor BNPHU
082 ## - NÚMERO DE LA CLASIFICACIÓN DECIMAL DEWEY
Número de clasificación F-RD 923.27293
Número de documento/Ítem D812i, 2013
100 1# - ENTRADA PRINCIPAL--NOMBRE DE PERSONA
Nombre de persona Duarte, Juan Pablo,
Fechas asociadas al nombre 1813-1876
9 (RLIN) 1494
245 10 - MENCIÓN DE TÍTULO
Título Ideario de Duarte /
Mención de responsabilidad, etc. compilado y anotado por Vetilio Alfau Durán ; presentación José Joaquín Pérez Saviñon.
250 ## - MENCIÓN DE EDICIÓN
Mención de edición 37a. ed.
260 ## - PUBLICACIÓN, DISTRIBUCIÓN, ETC.
Lugar de publicación, distribución, etc. Santo Domingo :
Nombre del editor, distribuidor, etc. Instituto Duartiano,
-- Museo y Casa de Duarte,
Fecha de publicación, distribución, etc. 2013.
300 ## - DESCRIPCIÓN FÍSICA
Extensión 38 p. ; :
Otras características físicas il., retrs. ;
Dimensiones 14 cm.
504 ## - NOTA DE BIBLIOGRAFÍA, ETC.
Nota de bibliografía, etc. Bibliografía : p. 37-38
590 ## - NOTA LOCAL (RLIN)
Nota local Inventariado, 2019/BT
600 10 - PUNTO DE ACCESO ADICIONAL DE MATERIA--NOMBRE DE PERSONA
Nombre de persona Duarte, Juan Pablo,
Fechas asociadas al nombre 1813-1876
9 (RLIN) 1494
651 #4 - PUNTO DE ACCESO ADICIONAL DE MATERIA--NOMBRE GEOGRÁFICO
Nombre geográfico República Dominicana
Subdivisión general Constitución
9 (RLIN) 1008
651 #4 - PUNTO DE ACCESO ADICIONAL DE MATERIA--NOMBRE GEOGRÁFICO
Nombre geográfico República Dominicana
Subdivisión general Historia
Subdivisión cronológica 1844-1930
Subdivisión general Fuentes
9 (RLIN) 38423
651 #0 - PUNTO DE ACCESO ADICIONAL DE MATERIA--NOMBRE GEOGRÁFICO
Nombre geográfico República Dominicana
Subdivisión general Política y gobierno
9 (RLIN) 45
700 1# - PUNTO DE ACCESO ADICIONAL--NOMBRE DE PERSONA
Nombre de persona Alfau Durán, Vetilio,
Fechas asociadas al nombre 1909-1985
Término indicativo de función/relación comp.
9 (RLIN) 10091
700 1# - PUNTO DE ACCESO ADICIONAL--NOMBRE DE PERSONA
Nombre de persona Pérez Saviñón, José Joaquín
9 (RLIN) 55022
910 ## - DATOS DE OPCIÓN DEL USUARIO (OCLC)
Datos de opción del usuario Validado. Control de calidad MFF
Existencias
Estado de retiro Estado de pérdida No para préstamo Código de colección Localización permanente Ubicación/localización actual Ubicación en estantería Fecha de adquisición Número de inventario Total de préstamos Signatura topográfica completa Código de barras Fecha visto por última vez Precio válido a partir de Tipo de ítem Koha Número de copia
    Excluido de préstamo Patrimonio Dominicano Patrimonio Dominicano Patrimonio Dominicano Depósito 06.03.2015 LF1   F-RD 923.27293 D812i, 2013 45413-10 25.06.2020 25.06.2020 Libro y Folleto Colección Patrimonio Dominicano  
    Excluido de préstamo Patrimonio Dominicano Patrimonio Dominicano Patrimonio Dominicano Depósito 24.03.2015 LF1   F-RD 923.27293 D812i, 2013 45413-20 25.06.2020 25.06.2020 Libro y Folleto Colección Patrimonio Dominicano e.2

Con tecnología Koha